Chelsea Vs Man City UCL Final Line-Up - Statistics

General Stats
  • This quiz has been taken 64 times
    52 since last reset
  • The average score is 17 of 22
Answer Stats
Position Chelsea % Correct
GK (Man City) Ederson
98%
CAM (Chelsea) Kai Havertz
96%
CAM (Man City) Kevin De Bruyne
93%
GK (Chelsea) Edouard Mendy
91%
RB (Man City) Kyle Walker
89%
CM (Man City) Bernardo Silva
83%
RM (Chelsea) Reece James
83%
CB (Chelsea) Thiago Silva
83%
CB (Man City) John Stones
80%
CB (Man City) Ruben Dias
80%
CAM (Chelsea) Mason Mount
78%
CM (Chelsea) Ngolo Kanté
78%
ST (Chelsea) Timo Werner
78%
LM (Chelsea) Ben Chilwell
74%
CB (Chelsea) Antonio Rudiger
72%
CM (Man City) Phil Foden
70%
CM (Man City) Ilkay Gundogan
65%
CM (Chelsea) Jorginho
65%
ST (Man City) Raheem Sterling
65%
CB (Chelsea) Cesar Azpilicueta
59%
ST (Man City) Riyad Mahrez
54%
LB (Man City) Oleksandr Zinchenko
43%
No matching quizzes found
Score Distribution
Percent of People with Each Score
Percentile by Number Answered
Your Score History
You have not taken this quiz since the last reset